| 000 | 004560000a22001810004500 | ||
|---|---|---|---|
| 003 | MACL | ||
| 005 | 20151001161816.0 | ||
| 008 | 151001b xxu||||| |||| 00| 0 eng d | ||
| 040 |
_aMACL _cMACL |
||
| 041 | _aEnglish | ||
| 082 | _a909/MUN | ||
| 100 |
_aMunjaal Praduman _913120 |
||
| 245 | _aSeven Wonders Of The World | ||
| 260 |
_bSwastik Prakashan Panchkula _c2008 _aDelhi |
||
| 350 | _a495.00 | ||
| 650 |
_aHistory _913121 |
||
| 942 |
_cBK _k909/MUN _2ddc |
||
| 999 |
_c41340 _d41340 |
||